Особенности изменения свойств закаленных сталей при отпуске; Технический прогресс в машиностроении

Manylion Llyfryddiaeth
Parent link:Технический прогресс в машиностроении.— 1972.— С. 12-17
Prif Awdur: Лозинский Ю. М.
Iaith:Rwseg
Cyhoeddwyd: 1972
Pynciau:
Fformat: Pennod Llyfr
KOHA link:https://koha.lib.tpu.ru/cgi-bin/koha/opac-detail.pl?biblionumber=593891

MARC

LEADER 00000naa0a2200000 4500
001 593891
005 20250610140039.0
035 |a (RuTPU)RU\TPU\tpu\7696 
090 |a 593891 
100 |a 20020118d1972 k||y0rusy50 ca 
101 0 |a rus 
102 |a RU 
200 1 |a Особенности изменения свойств закаленных сталей при отпуске  |f Ю. М. Лозинский 
463 |t Технический прогресс в машиностроении  |v С. 12-17  |o доклады IV научно-технической конференции  |d  1972 
610 1 |a закаленные стали 
610 1 |a изменение свойств 
610 1 |a отпуск 
610 1 |a труды учёных ТПУ 
700 1 |a Лозинский  |b Ю. М. 
801 0 |a RU  |b 63413507  |c 20020118  |g PSBO 
801 2 |a RU  |b 63413507  |c 20090613  |g PSBO 
850 |a 63413507 
942 |c BK